The chapter VII powers of the United Nations security council

Αποθηκεύτηκε σε:
Λεπτομέρειες βιβλιογραφικής εγγραφής
Κύριος συγγραφέας: De Wet, Erika
Μορφή: Βιβλίο
Γλώσσα:English
Δημοσίευση: Oxford ; : Portland : Hart Publishing, 2004
Σειρά:Studies in international law ; ; 3
Θέματα:
Ετικέτες: Προσθήκη ετικέτας
Δεν υπάρχουν, Καταχωρήστε ετικέτα πρώτοι!

MARC

LEADER 00000cam a2200000 i 4500
001 1/85699
008 050919s2004 eng d
020 |a 1-84113-422-8 
035 |l 10080341 
040 |a GR-MY-UA  |b gre  |e aacr 
041 0 |a eng 
082 0 |a 341.2323  |2 (22) 
100 1 |a De Wet, Erika. 
245 1 4 |a The chapter VII powers of the United Nations security council /  |c Erika de Wet 
260 |a Oxford ; :   |a Portland :   |b Hart Publishing,   |c 2004 
300 |a 407 σ.;  |c 22 εκ. 
490 1 |a Studies in international law  |v ; 3 
504 |a Includes bibliographical references and index 
610 2 0 |a United Nations  |x Security Council. 
650 0 0 |a Judicial review. 
650 0 0 |a Security, International. 
830 0 |a Studies in international law ;  |v ; 3 
852 |a INST  |b RHODES  |e 20050919  |h 341.2323 WET  |p 005400022239  |q 005400022239  |t BK  |y 0 
901 |a BIBL4-2005-3 
909 |a Ρ  |b 122511 
970 |a ΣΙΔΕΡΗ  |b ΝΕΚΤΑΡΙΑ  |z 2005/09/19